| 000 | 00682nam a22002177a 4500 | ||
|---|---|---|---|
| 999 |
_c8935 _d8935 |
||
| 003 | GBCCL | ||
| 005 | 20241126110702.0 | ||
| 008 | 220203b ||||| |||| 00| 0 eng d | ||
| 020 | _a8983142278 | ||
| 020 | _a8983142855 | ||
| 040 | _cgbc | ||
| 082 |
_a228.07 _bJON |
||
| 100 |
_aJong, Paul C. _913208 |
||
| 245 | _aIs the age of the antichrist, martydom, rapture and the millennial kingdom coming? | ||
| 260 |
_aSeoul, Korea : _bHephzibah Pub. House, _c2002- |
||
| 300 | _a2v. | ||
| 650 |
_aNew Life Mission (Seoul, Korea) _vDoctrines. _915341 |
||
| 650 |
_aBible. _vRevelation _xCommentaries. _915639 |
||
| 650 |
_aBible. _vRevelation _xSermons. _915640 |
||
| 942 |
_2ddc _cBK _04 |
||